|
|
|
|
| LEADER |
00000nam0a2200000 4500 |
| 001 |
682410 |
| 005 |
20251017094836.0 |
| 090 |
|
|
|a 682410
|
| 100 |
|
|
|a 20251017d1977 k||y0rusy50 ca
|
| 101 |
1 |
|
|a rus
|c fre
|
| 102 |
|
|
|a RU
|
| 105 |
|
|
|a y z 001yy
|
| 181 |
|
0 |
|a i
|b e
|
| 182 |
|
0 |
|a n
|
| 183 |
|
0 |
|a nc
|2 RDAcarrier
|
| 200 |
1 |
|
|a Интегрирование. Меры на локально компактных пространствах. Продолжение меры. Интегрирование мер. Меры на отделимых пространствах
|f Н. Бурбаки ; пер. с фр. Е. И. Стечкиной, под ред. Ю. В. Прохорова
|
| 203 |
|
|
|a Текст
|b визуальный
|c непосредственный
|
| 210 |
|
|
|a Москва
|c Наука
|d 1977
|
| 215 |
|
|
|a 600 с.
|
| 225 |
1 |
|
|a Элементы математики
|
| 283 |
|
|
|a volume
|2 RDAcarrier
|
| 320 |
|
|
|a Библиография: с. 502-503
|
| 606 |
|
|
|a Мера множества
|9 61892
|
| 610 |
1 |
|
|a носитель меры
|
| 610 |
1 |
|
|a неравенства выпуклости
|
| 610 |
1 |
|
|a интегралы
|
| 610 |
1 |
|
|a топологические пространства
|
| 610 |
1 |
|
|a алгебра
|
| 675 |
|
|
|a 517.518.1
|v 4
|
| 700 |
|
1 |
|a Бурбаки
|b Н.
|
| 702 |
|
1 |
|4 730
|a Стечкина
|b Е. И.
|
| 702 |
|
1 |
|4 340
|a Прохоров
|b Ю. В.
|
| 801 |
|
0 |
|a RU
|b 63413507
|c 20251017
|
| 830 |
|
|
|a Ретро2025Каталогизация Мотырева
|
| 850 |
|
|
|a 63413507
|
| 942 |
|
|
|c BK
|